Accounting for poverty in infrastructure reform: learning from Latin America's experience (Record no. 288339)

000 -LEADER
fixed length control field 00619cam a22001817a 4500
008 - FIXED-LENGTH DATA ELEMENTS--GENERAL INFORMATION
fixed length control field 180718b2002 xxu||||| |||| 00| 0 eng d
020 ## - INTERNATIONAL STANDARD BOOK NUMBER
International Standard Book Number 0821350390
082 ## - DEWEY DECIMAL CLASSIFICATION NUMBER
Classification number T19x8 Es82
100 ## - MAIN ENTRY--PERSONAL NAME
Personal name Estache, Antonio
245 ## - TITLE STATEMENT
Title Accounting for poverty in infrastructure reform: learning from Latin America's experience
Statement of responsibility, etc. by Antonio Estache, Vivien Foster and Quentin Wodon
260 ## - PUBLICATION, DISTRIBUTION, ETC.
Place of publication, distribution, etc. Washington, D.C.
Name of publisher, distributor, etc. World Bank
Date of publication, distribution, etc. 2002
300 ## - PHYSICAL DESCRIPTION
Extent 122p.
650 ## - SUBJECT ADDED ENTRY--TOPICAL TERM
Topical term or geographic name entry element Privatization-Latin America
650 ## - SUBJECT ADDED ENTRY--TOPICAL TERM
Topical term or geographic name entry element Poverty-Latin America
650 ## - SUBJECT ADDED ENTRY--TOPICAL TERM
Topical term or geographic name entry element Public utilities-Latin America
700 ## - ADDED ENTRY--PERSONAL NAME
Personal name Wodon, Quentin
700 ## - ADDED ENTRY--PERSONAL NAME
Personal name Foster, Vivien
Holdings
Withdrawn status Lost status Damaged status Not for loan Permanent Location Current Location Date acquired Full call number Barcode Date last seen Price effective from Koha item type
        Indian Institute of Public Administration Indian Institute of Public Administration 2002-10-29 T19x8 Es82 WB9390 2018-07-20 2018-07-20 WB

Powered by Koha